000 00225 a2200109 4500
001 155259
040 _cEscola São Tomás de Aquino
240 1 0 _aBig Bang
_lpor
245 1 0 _aBig Bang
697 _aGENERALIDADES
942 _cBK
999 _c155259
_d155259